Electrical Energy Auditing & Managment; A Case study of NUST College of Electrical $ Mechanical Engineering / (Record no. 525441)

000 -LEADER
fixed length control field 00629nam a22001937a 4500
003 - CONTROL NUMBER IDENTIFIER
control field NUST
005 - DATE AND TIME OF LATEST TRANSACTION
control field 20190702063801.0
008 - FIXED-LENGTH DATA ELEMENTS--GENERAL INFORMATION
fixed length control field 190702b ||||| |||| 00| 0 eng d
038 ## - RECORD CONTENT LICENSOR
Staff Name Mr. Zahoor
082 ## - DEWEY DECIMAL CLASSIFICATION NUMBER
Classification number 620.005
100 ## - MAIN ENTRY--PERSONAL NAME
Personal name Hassan, Rameez
9 (RLIN) 16310
245 ## - TITLE STATEMENT
Title Electrical Energy Auditing & Managment; A Case study of NUST College of Electrical $ Mechanical Engineering /
Statement of responsibility, etc. Rameez Hassan
260 ## - PUBLICATION, DISTRIBUTION, ETC.
Place of publication, distribution, etc. Islamabad :
Name of publisher, distributor, etc. CEME - NUST
Date of publication, distribution, etc. 2017.
300 ## - PHYSICAL DESCRIPTION
Extent ix, 63 p. : ill. ;
Dimensions 30cm.
500 ## - GENERAL NOTE
General note Hardcover.
650 ## - SUBJECT ADDED ENTRY--TOPICAL TERM
Topical term or geographic name entry element Engineering Managment - MS Thesis
9 (RLIN) 16311
700 ## - ADDED ENTRY--PERSONAL NAME
Personal name Dr. Muhammad Saleem
9 (RLIN) 16312
942 ## - ADDED ENTRY ELEMENTS (KOHA)
Source of classification or shelving scheme
Koha item type Thesis
Holdings
Withdrawn status Lost status Source of classification or shelving scheme Damaged status Not for loan Permanent Location Current Location Shelving location Date acquired Total Checkouts Full call number Barcode Date last seen Price effective from Koha item type
          Central Library (CL) Central Library (CL) Thesis 07/02/2019   620.005 CL-T-176 07/03/2019 07/02/2019 Thesis
© 2023 Central Library, National University of Sciences and Technology. All Rights Reserved.